000
00319nam a22001217a 4500
008
160430b xxu||||| |||| 00| 0 eng d
020
_a
,735918330771
020
_a
1583330771
041
_a
eng
080
_a
612.39
245
_a
Prescription for nutritional Healing:
_c
Phyllis A. Balch; James F. Balch;
942
_2
udc
_c
BK
999
_c
1717
_d
1717